00511nam a2200193 a 4500001001300000003000900013005001700022008004100039020001000080082001700090100003200107245001900139260005400158300001000212500003500222505001000257650001800267700003200285nice12345678IN_TiNIC20260116011506.0050524s1899 luca grp 000 0 urd  ac10000a297.09bABBI aAbbasi, Abul Fazal Md Ihsan aTarikhul Islam aLucknowbMunshi Gulabh Singh Andsater Pressc1899 a638p. aincludes index and biblioraphy2 aIndex aIslam-History1 aAbbasi, Abul Fazal Md Ihsan